[Event "Bangkok op 16th"]
[Site "Bangkok"]
[Date "2016.04.17"]
[Round "9"]
[White "Ganguly, Surya Shekhar"]
[Black "Van Wely, Loek"]
[Result "1-0"]
[WhiteElo "2647"]
[BlackElo "2654"]
[Annotator "Ganguly,Surya"]
[PlyCount "123"]
[EventDate "2016.04.10"]
[EventType "swiss"]
[EventRounds "9"]
[EventCountry "THA"]
[SourceTitle "CBM 172"]
[Source "ChessBase"]
[SourceDate "2016.05.12"]
[SourceVersion "1"]
[SourceVersionDate "2016.05.12"]
[SourceQuality "1"]
[WhiteClock "0:05:07"]
[BlackClock "0:01:06"]

{With 5 players on 6.5/8 the championship was wide open. I had White against
van Wely on top board.} 1. e4 c5 2. Nf3 d6 3. d4 cxd4 4. Nxd4 Nf6 5. Nc3 a6 {
Undoubtedly one of the most expected lines from Loek who is well known for his
fighting style.} 6. h3 {Although Loek has played a huge number of games in the
Najdorf from the black side, he has rarely faced 6.h3.} e6 {After a modest
think of 8 min.} 7. g4 Be7 8. g5 Nfd7 9. h4 {I had this position twice in 2015
so it can't be a surprise but nevertheless Loek thought for another 10min to
choose his direction which made me believe that he simply hadn't had time to
prepare specifically against this system which is mostly because the last
round started at 9 am.} Nc6 10. Be3 O-O 11. a3 $5 {I understand this looks
weird but it has a subtle point. White waits for Black to take on d4 when he
can directly take with his queen saving a tempo. 11.a3 is a useful move which
White has to play sooner or later. Black has to come up with some sort of
useful move without making any concession (...Nxd4 allowing Qxd4 in one tempo)
which is not so easy. For instance, the natural ...Qc7 allows h5 while an
immediate ...Ne5 allows f4.} Rb8 {While Loek was thinking I was also
considering this waiting move and couldn't remember what my preparation was
after ...Rb8.} (11... Qc7 $6 12. h5 Nce5 13. f4 Nc4 14. Bxc4 Qxc4 15. Qd2 b5
16. O-O-O $16) 12. Be2 {I decided to wait further.} (12. f4 {is probably
slightly better than what I played and gives White a decent edge.}) 12... Nxd4
13. Qxd4 {So White did manage to save the tempo after all.} b5 14. O-O-O Qa5
15. Bd2 $1 {This forces the queen exchange. I didn't see any other decent way
to fight for an advantage.} (15. Qd2 $6 Nc5 $1 {and Black gets the initiative.}
) (15. Kb1 b4 {also looked scary for White.}) 15... Qb6 (15... b4 {runs into}
16. Na2 $16) 16. Qxb6 Nxb6 (16... Rxb6 {This was also equally playable or
perhaps better than the move played in the game but nevertheless I felt White
would keep some minute pressure here too.} 17. Kb1 (17. Na2 Bb7) (17. f4 Nc5
18. Rhe1 Bb7 19. Bf1 {is another way for White to fight for the initiative.})
17... Bb7 18. Rh3 {If anyone is better it's White. He has more space and
various plans at his disposal.}) 17. Bf4 $1 Rd8 18. Rd2 {Now Black had to
choose between a few depressing positions and all of them without much counter
play.} e5 (18... Nc4 {was the other option} 19. Bxc4 bxc4 20. Rhd1 Rb6 21. Be5
$14 {White will press for long time here while Black has to sit tight and wait.
}) (18... Bb7 19. Rhd1 Nc8 20. b3 {is also very passive for Black.}) 19. Be3
Be6 20. f4 $1 {To create more pressure and gain more space.} exf4 21. Bxf4 Bc4
(21... Rb7 22. Rhd1 Rbd7 23. Be3 {and White has a dream position.}) 22. Be3 (
22. Bxc4 Nxc4 23. Nd5 Bf8 24. Re2 $16 {is stronger than what I played
according to computers but I wanted to exchange all Black's active pieces and
leave him with the bad bishop against my good knight.}) 22... Bxe2 23. Bxb6
Rxb6 24. Nd5 ({Nothing wrong with the natural} 24. Rxe2 {but I simply didn't
want to allow d5 although this must be awful for Black but I just didn't want
to calculate any lines in this direction.}) 24... Rb7 (24... Bf3 25. Rf1 Bxe4
26. Nxb6 d5 27. Rfd1 $18) 25. Rxe2 {For obvious reasons I was quite happy with
my position. It was ideal to get a position like this in the last round where
I can press for a win without any risk.} Re8 (25... f6 {was another way to
create counterplay but probably Loek didn't like the following} 26. gxf6 Bxf6
27. Nxf6+ (27. h5 $5) 27... gxf6 28. Rf1 Rf7 29. Ref2 Kg7 30. Kd2 {White still
keeps some edge though but I doubt if this will be enough to win the game.})
26. Kd2 $6 {There no need to allow any form of counterplay and this move does
exactly that. White's king is nicely placed on d3 for sure but firstly White
had to stop Black from playing ...f6.} (26. Rg1 $1 {and then White could bring
his king to d3. How big is the advantage? That is a different question
altogether but definitely White will be playing for a win here while Black has
to defend for a long time.}) 26... f6 $1 {I completely overlooked this
counterplay and was under the impression that his next move would be ...Bd8.
Once Loek played ...f6 I was regretting my decision of bringing up the king
first. After a long think of about 15 min I realised that all my advantage is
gone but instead of liquidating immediately I decided to let him activate his
bishop and keep practical chances.} 27. gxf6 Bxf6 28. c3 (28. Nxf6+ gxf6 29.
Rf1 Kf7 30. Ref2 Re6 31. Kd3 Rbe7 {Black will have no difficulties to hold
this as compared to 25...f6 here his rook ideally placed on e6 instead of f7.})
28... Rf7 29. Ke3 {With the idea to stop ...Be5.} (29. h5 {this was probably
objectively better than what I chose in the game.}) 29... Bd8 $1 {Gaining
control over the f-file.} (29... Be5 30. Rf2) 30. Rg2 Ref8 (30... Rf5 {I was
also concerend about this move} 31. Kd4 (31. Kd3 Rf3+ (31... Rh5 32. Rg4) 32.
Ke2 Rf5 $11) 31... Rfe5 (31... Rh5 32. Rg4 $13) 32. Rg4 Rf8 {and Black creates
counterplay.}) 31. h5 Rf3+ 32. Ke2 h6 $1 {Black has created enough counterplay
and has no problems whatsoever.} 33. Rhh2 (33. b4 {I tried to make this work
but it was getting too complicated} Bg5 {and both sides will have to make
almost forced moves from here on} 34. a4 bxa4 35. Ra1 Rh3 $1 36. Rxa4 Re8 $1
37. Rg4 Ra8 38. b5 Rh2+ 39. Ke1 Rh1+ 40. Ke2 Rh2+ $11 {There were probably
other resources but I was happy with the move which I played in the game.
Although to be honest I was confident about my move because I had actually
missed his defensive resource :)}) 33... Rf1 (33... Bg5 $1 {and here my
intension was to exchange the rooks and I felt I would keep some chances in
the knight vs bishop endgame but in reality it is dead drawn.} 34. Rf2 (34. Kd1
$5 $11) 34... Rxf2+ 35. Rxf2 Rxf2+ 36. Kxf2 Bc1 37. b4 Bxa3 38. Ke2 {I had the
hallucination that I was threatening to trap his bishop thus forcing him to
move it and then I can go Nc7. But of course I can never trap this bishop as
after Kb3 he always has ...Bc1.} Kf7 39. Nc7 Bb2 40. Nxa6 g5 (40... Bxc3 41.
Kd3 Be1 42. Ke2 $11) 41. hxg6+ Kxg6 42. Nc7 Bxc3 43. Nxb5 Bxb4 44. Nxd6 $11)
34. Rg6 Rb1 $2 {This gives back White the initiative he had few moves back.} (
34... Rc1 $1 {a very difficult move to spot under time pressure. The point is
it stops Kd3 and at the same time threatens ...Rc2.} 35. Ne3 (35. Kd3 Rf3+ {
and compared to the ...Rb1 line White doesn't have Kc2 anymore.}) 35... Bg5 (
35... a5 $5 $132) 36. Rf2 Rxf2+ 37. Kxf2 Rb1 38. Rxd6 Rxb2+ 39. Kf3 Rb3 40. Nd5
Rxa3 41. Kg4 {it will fizzle out and the game will end in a draw soon.}) 35.
Kd3 $1 $16 Bf6 (35... Rf3+ 36. Kc2 $18) (35... Bg5 36. Rxd6 $18) 36. Rf2 $1 {
Stopping ...Be5.} Bg5 (36... Be5 37. Ne7+ $18) 37. Rxf8+ Kxf8 38. Rxd6 Rd1+ (
38... Rxb2 39. e5 Rd2+ 40. Ke4 $18) 39. Ke2 Rh1 40. Kf3 Rxh5 {40 moves were
over and I had ample time to make sure I didn't spoil the advantage.} 41. Rxa6
Rh1 (41... Bc1 42. b4 {followed by a4 and basically the game is over.}) 42. e5
(42. Rb6 {I could probably take the pawn but optically 42.e5 felt most direct
giving Black less time to push the pawns on the kingside.}) 42... Re1 (42...
Rf1+ 43. Kg4) 43. e6 g6 44. b3 {Now that all Black's pieces are fixed White
creates another passed pawn.} h5 45. a4 bxa4 46. bxa4 Kg7 (46... h4 47. a5 Rg1
(47... h3 48. Kg3 $18) 48. Ra8+ Kg7 49. e7 Bxe7 50. Ra7 h3 51. Rxe7+ Kh6 52.
Re2 $18 {is what I was expecting to happen during the game.}) 47. a5 h4 48. Rb6
Rf1+ (48... Bd8 {I thought he might play this, setting a little trap} {However
I was intending to play} 49. e7 $1 ({After the natural} 49. Rb8 h3 50. Kg3 Bxa5
51. e7 $2 (51. Ra8 $18 {the computer says this also wins}) 51... Rxe7 $11)
49... Bxb6 50. axb6 {and Black can't stop White from queening.} h3 51. Kg3 Rg1+
52. Kh2 $18 Rb1 53. Nb4 $18) 49. Kg2 Rd1 50. e7 Re1 51. Rb8 Bxe7 52. Rb7 Ra1
53. Nxe7 Kf6 54. Nc6 g5 55. Rb4 Kg6 56. Rb5 Ra2+ 57. Kh3 Rc2 58. Rc5 Rf2 59. a6
Rf3+ 60. Kg2 Rf8 61. a7 g4 62. Ne5+ {With this win I scored 7.5/9. Vallejo
meanwhile defeated Nigel as Black and had a fantastic tournament. Unlike last
year, when I had to be content with 2nd place after beating Wang Hao in the
last round because of bad Buchholz, this time my Buchholz turned out to be
better and I won the championship.} 1-0

[Event "Asian Continental op 15th"]
[Site "Tashkent"]
[Date "2016.06.03"]
[Round "9"]
[White "Le, Quang Liem"]
[Black "Ganguly, Surya Shekhar"]
[Result "0-1"]
[WhiteElo "2718"]
[BlackElo "2654"]
[Annotator "Ganguly,Surya"]
[PlyCount "154"]
[EventDate "2016.05.26"]
[EventType "swiss"]
[EventRounds "9"]
[EventCountry "UZB"]
[SourceTitle "CBM 173"]
[Source "ChessBase"]
[SourceDate "2016.07.12"]
[SourceVersion "1"]
[SourceVersionDate "2016.07.12"]
[SourceQuality "1"]

{The last round of Asian Championship 2016 had two leaders. Wei Yi and Le
Quang were on 6.5/8. They were followed by Sethuraman on 6/8 and a herd of
other players on 5.5. While Sethu was paired against Wei, someone had to be
floated up against Le Quang and I was the one who got to play the top seed
with Black in a must win situation. Not the ideal pairing I must admit :) I
guess nobody predicted that both myself and Sethu would win with the black
pieces on the top two boards.} 1. d4 Nf6 2. c4 e6 3. Nf3 d5 4. Nc3 c6 5. e3
Nbd7 6. Qc2 Bd6 7. Bd3 O-O 8. O-O dxc4 9. Bxc4 b5 10. Be2 Qe7 {A line
popularised by Adhiban. Le Quang expected this as I had already played a game
in this line few months back.} 11. a3 (11. Ng5 Bb7 12. Bf3 Rac8 13. Rd1 Bb8 14.
Bd2 h6 15. Nge4 Nxe4 16. Qxe4 Nf6 17. Qd3 c5 $15 {0-1 (34) Fressinet,L (2710)
-Ganguly,S (2631) Linares 2015}) 11... a6 {If White can get in b4 he will get
good control but for the moment Black has ...a5 when White won't be able to
maintain the structure. Since b4 is not a threat, Black slowly prepares the ...
c5-break which will set him free.} 12. Ng5 $6 {Similar to my game against
Fressinet, but with a3-a6 included, but probably doesn't change much.} (12. e4
e5 $13) 12... Bb7 13. Bf3 (13. b4 a5 $13) 13... Rfc8 {Unlike in the Fressinet
game here I could not play ...Rac8 as the rook is needed on a8 in order to
counter b4 with a5.} 14. Bd2 h6 15. Nge4 Nxe4 16. Bxe4 {This came with a draw
offer.} (16. Nxe4 c5 $1 {This is the whole point! I think initially Le Quang
missed this idea. Without this tactic White would be better.} 17. Nxd6 Bxf3 18.
Nxc8 Qg5 $19 {and White must give up his queen in order to stop the mate.})
16... Nf6 $15 {Not only did the tournament situation demand a win but more
importantly in the current position Black can play for win with zero risk so
it was natural to refuse the offer.} 17. Rfd1 (17. b4 {is always met by} a5)
17... c5 18. Bxb7 Qxb7 19. Be1 cxd4 20. Rxd4 Be5 21. Rd3 {Black's pieces are
more active and he has more space on the queenside and also White's e1-bishop
is not coming into the game soon. I wanted to push my pawns on the queenside
starting with ...a5, but didn't like the fact that White can respond with Qb3.
So before expanding on the queenside it made sense to bring my knight to a
better place: c5.} Ne4 22. Rc1 (22. Qe2 Bxc3 23. Bxc3 Nxc3 24. bxc3 Rc4 {
also a long time suffering.}) 22... a5 (22... Rc4 $5 $17) 23. Qd1 Nc5 24. Rd2 {
Here both ...b4 and ...a4 were looking tempting. While ...b4 is a more direct
and dynamic way to fight for the initiative, ...a4 is a more solid approach
playing for a long term strategic advantage. Machines like ...b4 but during
the game I was happy with my slow approach.} a4 {[%csl Rb2]} (24... b4 25. axb4
axb4 26. Ne2 Bf6 $36 {[%csl Rb2,Re1]}) 25. Rcc2 (25. Na2 $142 {White will
probably hold this position eventually, but there is no doubt that Black is
better and will continue exerting pressure on White.}) 25... Bf6 $1 {A move
that I was very happy about. I wanted to play 25...b4 but didn't like the fact
that White can change on b4 and go Ne2-Nd4. So I wanted to stop the Ne2-plan.
Ne2 is well met with ...Nb3 but the problem was he could take on c8 and then
give a check with Rd8 and exchange pieces. Hence ...Bf6 stopping Rd8 thus
stopping Ne2.} (25... b4 26. axb4 Qxb4 27. Ne2 {Black is still better but I
wanted to restrict this plan just in case.}) 26. Qf3 (26. Ne2 Nb3 $1 27. Rxc8+
Rxc8 {The point of 25...Bf6 is clear now.....no more Rd8,}) (26. Qe2 Nb3 27.
Rd1 Qc6 {and the white pieces are somewhat stuck.}) 26... b4 (26... Qxf3 27.
gxf3 Nb3 {is also equally strong but I felt this could fizzle out at some
point.}) 27. axb4 $6 (27. Qxb7 Nxb7 28. Ne4 (28. axb4 a3 $19) 28... b3 29.
Nxf6+ gxf6 30. Rxc8+ Rxc8 {during the game I was convinced that this keeps
good chances for a win. The computer thinks White can hold with f3 followed by
Kf1-e2. However, Black is still better and can improve his position and White
is far away from actually making a draw.}) 27... Qxb4 {Now that the queen has
moved from d1 tactically White is unable to play Ne2 due to ...Nd3! I was
almost certain that Le Quang would play 28.h3 or 28.Na2 but he somehow missed
the ...Nd3 tactics.} 28. Nd1 $2 (28. h3 {is probably the best try but even
then Black is clearly better there.} Rab8 $17) (28. Ne2 $2 Nd3 $19) (28. Na2
Qb5 29. Nc3 Qb3 $19) 28... Nd3 $1 {After this there were various ways to play
for a win. I calculated my 37th move from here and that clearly looked the
most convincing of all.} 29. Rxc8+ Rxc8 30. Qe2 Nxe1 31. Qxe1 Rc1 32. g3 Qb3 {
There are other ways too but during the game my solution felt simplest.} 33.
Qe2 Bxb2 34. Rxb2 Qxd1+ 35. Qxd1 Rxd1+ 36. Kg2 Rd8 $1 37. Ra2 Ra8 {Reaching an
elementary winning position. Not even for one moment could I imagine that
within 3 moves I was going to make it super-complicated. I still wonder how
did I ever manage to complicate this one!} 38. Kf3 {So I had to make 3 moves
under some time crunch. Every normal move wins and doesn't require any
explanation.} g5 {I had to bring my king into the game and slowly White will
be in zugzwang. The question was what is the best way to bring the king?
g5-Kg7-Kg6 felt normal to me.} (38... f5 {[%cal Gg8f7,Gf7f6] should be winning
too.}) (38... a3 {Nothing wrong with pushing the pawn and then bringing the
king in whichever way.}) 39. Ke4 g4 $6 {Not that it spoils the win.... in fact
the computer doesn't even understand why this is bad because for him there is
no difference between a complicated win and an easy win; a win is a win.
However, from the human point of view this clearly complicates things. I
wanted to make sure that when the white king marches to the queenside and my
king goes forward to grab his kingside pawns then there will be no way to
block my king and 39...g4 makes sure that White will never have any blockade
on the kingside.} (39... a3 40. Kd4 Kg7 41. f3 h5 {of course it's impossible
to block Black's king just with pawns. White is totally lost here.}) 40. Kf4 h5
{The first time control was over and I was expecting a resignation anytime
soon but received a shock instead.} 41. Kg5 {My first thought was where is the
king going exactly?} Ra5+ {This was forced so nothing to think about here.} 42.
Kh6 {[%csl Rh5][%cal Ge3e4,Ge4e5] and now everything becomes clear. White
threatens e4-e5 no matter what Black plays} Kf8 {After a serious amount of
long thought which included convincing myself that I hadn't spoiled the win
and with correct play it was still achievable.} (42... a3 43. e4 Kf8 44. e5 Ke7
45. Kxh5 Ra4 46. Kg5 {makes it very complicated.}) 43. e4 Ke7 44. e5 f5 $1 (
44... a3 {transposes to the line we have seen above.}) 45. Kg7 {Le Quang
decided to attack my e6-pawn in order to stop my king march to the queenside.}
(45. Kxh5 {would have given me a very difficult decision to make. I had seen
two ways of winning here and intuitively chose the right path. Both of us also
felt the other path wins too though in reality it draws as the engine pointed
out later.} Rxe5 $1 {The surprising move that I was intending to play in the
game. Black gives up his main asset - the a-pawn.} (45... Kd7 $2 {is the most
direct way} 46. Kg6 Kc6 47. Kf6 Kd5 48. Rd2+ Ke4 {we both felt this also wins
but White has a brilliant resource here.} 49. Rd1 $3 {Now White threatens to
check on e1 and take the e6-pawn while ...Ra6 is met by Rd6.} (49. Kxe6 Rxe5+)
(49. Re2+ Kd3 50. Ra2 Ra6 $19 {is also trivial} 51. h4) 49... a3 (49... Ra6 50.
Rd6 $11) 50. Re1+ Kd4 51. Kxe6 a2 52. Rd1+ Kc3 53. Kxf5 $11) 46. Rxa4 Kf6 $1 {
Now the white king is very oddly placed and I realised that Black has three
plans and it would be impossible to deal with all of them. Right now Black is
threatening the rook transfer to h8, h1 and e2 and all of them White can't
prevent.} 47. h3 (47. Ra8 Re2 $19) (47. h4 Re2 {transposes to the main line}) (
47. Ra1 Re2 48. Rf1 Ra2 $19) 47... Re1 $1 (47... gxh3 48. Kh4 h2 49. Ra1 Re2
50. f4 $11 {and White will win the h-pawn}) 48. h4 Re2 49. Rf4 {even here it
is not trivial} Rc2 $1 (49... e5 {Black should not play ...e5 when White's
king can go to g5 in one tempo.} 50. Ra4 Rxf2 51. Ra6+ $11) 50. Kh6 Ra2 $22 51.
Kh7 (51. h5 Ra8 52. Kh7 Kg5 $19) (51. Kh5 Ra8 52. Kh6 Rh8#) 51... e5 $1 {
now is the right time as the white king is far from the g5-square.} 52. Rb4
Rxf2 53. Rb6+ Kf7 54. Rb7+ Ke6 $19) 45... a3 46. Kg6 Kd7 47. Kf6 Ra6 48. Kf7
Ra5 {An extra 60 seconds never hurts.} 49. Kf6 Ra4 $1 50. Kf7 f4 {Right at
this moment when White cannot take it.} 51. Kf6 (51. gxf4 Rxf4+ 52. Kg6 Ra4 53.
Kxh5 Kc6 54. Kg6 Kc5 55. Kf6 Kd5 56. Rd2+ Kc4 $19) 51... f3 $1 52. Kf7 Ra6 53.
Kf6 Ra5 {My original intention for this move was to take the pawn on e5 which
also wins, but then I changed my mind and went for a more direct way.} 54. Kf7
Ra8 (54... Rxe5 55. Rxa3 Re2 56. Kg6 Rxf2 57. Kxh5 Re2 58. Kxg4 f2 59. Rf3 e5
$19 {and the pawns cannot be stopped. I calculated this but saw some ghost and
felt here I could spoil the win.}) 55. Kf6 Kc6 {In this way I had to calculate
a few more moves but I rechecked a couple of times to make sure it wins
because it wins ultimately by one tempo!} 56. Kxe6 Kc5 57. Kf7 Kb4 58. Ra1 a2
59. Kg6 (59. e6 Kb3 60. e7 Kb2 61. Re1 a1=Q 62. Rxa1 Kxa1 63. e8=Q Rxe8 64.
Kxe8 Kb2 65. Kf7 Kc2 66. Kg6 Kd2 67. Kxh5 Ke2 68. Kxg4 Kxf2 69. h4 Kg2 70. h5
f2 71. h6 f1=Q {Black is just one tempo faster. This is what I had to make
sure of while playing 54...Ra8.}) 59... Kb3 60. Kxh5 Rg8 $1 61. Rd1 Kc2 62. Re1
Kb2 63. e6 a1=Q 64. Rxa1 Kxa1 65. e7 Kb2 66. e8=Q Rxe8 67. Kxg4 Kc3 {Knowing
some details about rook vs three pawns I knew that there is no chance White is
even remotely close to building his fortress so I blitzed out this move
missing that I could win even more easily.} (67... Rf8 {is a much faster way
to win.}) 68. Kxf3 Kd4 69. Kf4 (69. h4 Rf8+) 69... Rf8+ 70. Kg5 Rxf2 71. h4 Ke5
72. h5 Ke6 73. g4 Kf7 74. Kh6 Rg2 75. g5 Rg1 76. g6+ Kg8 77. g7 Ra1 {A win
against the top seed on 2nd board didn't change much. Le Quang finished 2nd
and I finished 8th. Although all normal tiebreak rules would have favoured me
there was only one tiebreak system which was worse; number of wins! I was
unbeaten in the event which also means I won fewer games hence I had to be
content with 8th place despite tieing for 2nd place.} 0-1